000 00735nam2a22002171 4500
001 RU\NLR\A1SV\47126
005 20251203152403.2
035 _a(NLR Aleph) 009729212
090 _a13480458
_c13480458
100 _a20020924d1929 u y0rusy50 ca
101 0 _arus
200 1 _a1928 г.
210 _cО-во изучения Брян. края
_d1929
215 _a102 с., 3 л. план.
_cил.
320 _aБиблиогр.: с.71-72, 75-79
461 1 _1001RU\NLR\A1SV\43980
_12000#$vВып.3
_99891662
_cБрянск
_d1926-1929
_nО-во естествоиспытателей и лесоводов
_tБрянский край
_vВып.3
801 0 _aRU
_bNLR
_c20020924
942 _cBOOK
980 _aA1SV
980 _aNB